00289nam a2200121Ia 4500008004100000082001600041100001700057245002500074250000900099260004300108300000800151650000800159191201s2011 xx 000 0 und d a658.15bDWM aDWIVEDI, D N 0aManagerial Economics aRep. aN.DelhibVikas Publication Housec2011 a704 aMBA